Culture Générale - Série 149 - Statistiques

Statistiques générales
  • Ce quiz a été pris 307 fois
  • Le résultat moyen est 6 sur 10
Statistiques - réponses
Question Réponse % Correct
Quel maréchal de France, né en 1888, porte le nom d'un mois ? Juin
93%
Par quel terme désigne-t-on l'avant d'un navire ? Proue
88%
Quel signe astrologique vient juste après celui du Sagittaire ? Capricorne
82%
Sous quel nom est plus connu le chanteur québécois Pierre Garand ? Garou
81%
Dans quelle partie du corps humain est situé l'os pariétal ? Tête
66%
Quel pays Felipe González a-t-il dirigé de 1982 à 1996 ? Espagne
63%
A quel habitant de Cucugnan Alphonse Daudet a-t-il consacré une nouvelle ? Curé
45%
Quelle "légende" Diane Tell a-t-elle chantée en 1990 ? La Légende de Jimmy
40%
De quel domaine Alberto Santos-Dumont fut-il l'un des pionniers ? Aviation
26%
De qui est amoureuse "la bergère" dans un conte de Hans Christian Andersen ? Du ramoneur
12%
Aucun quiz correspondant
Distribution des résultats
% des personnes avec chaque résultat
Percentile par nombre de réponses
Votre historique - résultats
Vous n’avez pas pris ce quiz